Регионална библиотека "Любен Каравелов" - Русе

Свободна валенция нежност (Запис номер 186547)

MARC детайли
000 -Лидер
Контролно поле с фиксирана дължина 00983nam a2200289 c 4500
003 - Код на организацията, давaща контролен номер
Контролно поле BLK
005 - Дата и час на последна редакция
Контролно поле 20180422115501.0
008 - Елементи от данни с фиксирана дължина
fixed length control field 180411b bul|||||r ||||||| ||bul||
010 ## - Наследен системен номер
LC control number KNG00195542000
040 ## - Източник на каталожния запис
Идентификатор на билиотеката - собственик на записа BLK
041 ## - Код за език
Код за езика на текст/звукозапис или на отделно заглавие Български
Код за езика КДБФ Български
080 ## - УДК
Текстов определител УДК Българска литература
УДК код - определител по УДК 821.163.2
УДК определител -32
УДК - код + определител 821.163.2-32
100 1# - Редна дума - Автор
Автор Николова, Снежина
Авторска отговорност първи автор
R(LIN) 376467
139 ## - Редно поле
Редна дума Николова, Снежина
Авторски знак Николова - Н 75
245 10 - Сведения за заглавието
Заглавие Свободна валенция нежност
Подзаглавни данни Новели
Редно поле (дума) Снежина Николова.
257 ## - Страна на издаване
Страна на създаване/издаване България
260 ## - Област на издателските данни
-- Пловдив
Име на издателя, разпространителя и проч. Христо Г. Данов
Година на издаване 1990
Печатница Враца : В. Александров
300 ## - Физическа характеристика
Страници 144 с.
Размери/Мащаб 20 см
380 ## - Жанр
Жанр Худож. лит.
500 ## - Общи забележки
Забележка 11 057 тир.
653 ## - Ключова дума – ненормативна
Ключова дума новели
852 ## - Местоположение
Форматна сигнатура Цб 163748
856 4# - Електронен адрес и достъп
Електронен формат pdf - файл
Път до файла /url/
856 4# - Електронен адрес и достъп
Електронен формат pdf - файл
Път до файла /url/
942 ## - АРТИКУЛИ
Вид на библиотечния материал Книги
Скрит в OPAC Не
944 ## - СЪЗДАВАНЕ И РЕДАКЦИЯ на ЗАПИСА
Създаване/Редакция Създаване
Дата на регистрацията/редакция 09.11.2016
Служител, извършил регистрацията/редакцията Елица_Владова
944 ## - СЪЗДАВАНЕ И РЕДАКЦИЯ на ЗАПИСА
Създаване/Редакция Редакция
Дата на регистрацията/редакция 09.11.2016
Служител, извършил регистрацията/редакцията Елица_Владова
999 ## - СИСТЕМНИ КОНТРОЛНИ НОМЕРА
Koha biblionumber 186547
Koha biblioitemnumber 186547
Наличности
Код за отписване Код за изгубен артикул Източник на класификационната схема Код за повреда Коз за рестрикции Код за отдаване Артикулен № Име на библиотеката - собственик Име на библиотеката, в която се намира в момента Статус (Текущо местоположение) Дата на вписване в системата Местоположение - отдел Цена в лева Инвентарен номер Систематично азбучна сигнатура Баркод Номер на екземпляра Цена в евро Служебна бележка Служебен тип на артикула Бележка за публиката
  Не е изгубен Universal Decimal Classification Не е повреден без рестрикции ползва се в читалня 324899 Регионална библиотека "Любен Каравелов" Русе Регионална библиотека "Любен Каравелов" Русе Хранилище 1990-01-01 Хранилище 0.85 540960 Цб 163748 120000540960 1 0.43 N: стар фонд Дата: 01.01.1990 Книги  
Изтеглен Не е изгубен Universal Decimal Classification Не е повреден без рестрикции заемане за дома 324900 Регионална библиотека "Любен Каравелов" Русе Регионална библиотека "Любен Каравелов" Русе Заемна - подръчен фонд 1990-01-01 Заемна - подръчен фонд 0.85 540096 П 886.7-32/Н 75 540096 2 0.43 N: стар фонд Дата: 01.01.1990 Дата инв: 13.02.2018 Бележки инв: П2018 Книги  
Изтеглен Не е изгубен   Не е повреден без рестрикции заемане за дома 324901 Регионална библиотека "Любен Каравелов" Русе Регионална библиотека "Любен Каравелов" Русе   1990-01-01 Заемна - подръчен фонд 0.85 540098 П 886.7-32/Н 75 540098 3 0.43 N: стар фонд Дата: 01.01.1990 Книги Отч.N: 6/2018 , Дата: 22.01.2018
Vip Innovations Ltd, Rousse, Bulgaria 2025